01290nam a22002057a 450000500170000000800410001702000180005804000070007604100120008308200140009510000270010924500200013625000070015626000300016330000230019336500540021652007830027065000080105370000230106120260427145727.0250910b |||||||| |||| 00| 0 eng d a9788119403417 cAL aEnglish a346bMULH aDinshaw Fardunji Mulla aHindu law Ed 25 a25 aHaryanabLexisNexisc2024 a1568pbHBc25x16cm a583b₹2996.25c₹d₹3995.00e25%f03-09-2025 ajourney of twenty-five editions, spanning over a period of more than a hundred years, speaks volumes about this iconic legal classic. This tome has, since its inception, traced the origins, development and periodic changes that have taken place in the field of Hindu Law. Time and again, this seminal work has been relied upon by the Bench and the Bar, and its mention can be found in numerous important judgments of the Supreme Court and the High Courts. The book is divided into two parts: Part 1 of the commentary deals with customary Hindu Law, and Part 2 contains section-wise commentary on four major enactments: The Hindu Marriage Act, 1955, The Hindu Succession Act, 1956, The Hindu Minority and Guardianship Act, 1956, and The Hindu Adoptions and Maintenance Act, 1956. alaw aDesai, Satyajeet A